Normal view
MARC view
- Phull, Y R
Entry Personal Name
001 - CONTROL NUMBER
- control field: 7588
003 - CONTROL NUMBER IDENTIFIER
- control field: OSt
005 - DATE AND TIME OF LATEST TRANSACTION
- control field: 20250619110246.0
008 - FIXED-LENGTH DATA ELEMENTS
- fixed length control field: 250619|| aca||aabn | a|a d
040 ## - CATALOGING SOURCE
- Original cataloging agency: OSt
- Transcribing agency: OSt
100 ## - HEADING--PERSONAL NAME
- Personal name: Phull, Y R
670 ## - SOURCE DATA FOUND
- Source citation: Work cat.: (OSt)2143: Kulkarni, P D . 7586, Text book of concrete technology / , 1983.
